Systém partnerstva verejného a súkromného sektora v súčasnej trhovej ekonomike

Prínosy implementácie trhových prvkov do verejného sektora. Doterajšie využitie v infraštruktúre a potenciál systému partnerstva verejného a súkromného sektora (tzv. PPP - "public-private partnership"). Možnosti využitia PPP v podmienkach slovenskej ekonomiky. Súčasné európske legislatívne pokrytie...

Description complète

Enregistré dans:
Détails bibliographiques
Auteur principal: Gregorová, Elena
Autres auteurs: Mráziková, Janka
Format: Chapitre de livre
Langue:slovaque
Sujets:
Tags: Ajouter un tag
Pas de tags, Soyez le premier à ajouter un tag!

MARC

LEADER 00000nla$a2200000$$$4500
001 0058527
005 20220808123422.5
041 0 |a slo 
044 |a SK 
245 1 0 |a Systém partnerstva verejného a súkromného sektora v súčasnej trhovej ekonomike  |c Elena Gregorová, Janka Mráziková 
520 |a Prínosy implementácie trhových prvkov do verejného sektora. Doterajšie využitie v infraštruktúre a potenciál systému partnerstva verejného a súkromného sektora (tzv. PPP - "public-private partnership"). Možnosti využitia PPP v podmienkach slovenskej ekonomiky. Súčasné európske legislatívne pokrytie PPP. 
610 2 0 |a partnerstvo verejno-súkromné 
610 2 0 |a sektor súkromný 
610 2 0 |a sektor verejný 
610 2 0 |a sektor štátny 
610 2 0 |a infraštruktúra 
610 2 0 |a služby 
610 2 0 |a legislatíva 
610 2 0 |a Slovensko 
100 1 |a Gregorová, Elena 
700 1 |a Mráziková, Janka